Spolupráca malých a stredných podnikov v regiónoch

Význam ekonomickej spolupráce malých a stredných podnikov. Najvhodnejší spôsob spolupráce MSP a to sieťovanie podnikov a prehľad oblastí a potenciálnych partnerov na území Slovenskej republiky i v susedných krajinách.

Enregistré dans:
Détails bibliographiques
Auteur principal: Strelcová, Stanislava
Autres auteurs: Janasová, Denisa
Format: Chapitre de livre
Langue:slovaque
Sujets:
Tags: Ajouter un tag
Pas de tags, Soyez le premier à ajouter un tag!

MARC

LEADER 00000naa a2200000 4500
001 0226989
005 20220718124002.1
041 0 |a slo 
044 |a SK 
245 1 0 |a Spolupráca malých a stredných podnikov v regiónoch  |c Stanislava Strelcová, Denisa Janasová 
520 |a Význam ekonomickej spolupráce malých a stredných podnikov. Najvhodnejší spôsob spolupráce MSP a to sieťovanie podnikov a prehľad oblastí a potenciálnych partnerov na území Slovenskej republiky i v susedných krajinách. 
610 2 0 |a spolupráca podnikov 
610 2 0 |a spolupráca regionálna 
610 2 0 |a prostredie ekonomické 
610 2 0 |a klaster 
610 2 0 |a spolupráca cezhraničná 
100 1 |a Strelcová, Stanislava 
700 1 |a Janasová, Denisa